MARC

LEADER 00000nam0a2200000 4500
001 312718
005 20231102002519.0
020 |a RU  |b 82-19665 
035 |a (RuTPU)RU\TPU\book\338088 
090 |a 312718 
100 |a 20151225d1982 km y0rusy5003 ca 
101 0 |a rus 
102 |a UA 
105 |a a z 001zy 
200 1 |a Контроль и диагностирование оборудования прокатного производства  |f И. Н. Богаенко [и др.] 
210 |a Киев  |c Технiка  |d 1982 
215 |a 152 с.  |c ил. 
300 |a Авт. указаны в вып. дан. 
320 |a Библиогр.: с. 149-150 
606 1 |a Прокатные цехи  |x Оборудование  |x Монтаж  |x Расчет  |2 stltpush  |3 (RuTPU)RU\TPU\subj\52165  |9 70656 
610 1 |a техническая диагностика 
610 1 |a контроль 
610 1 |a методы 
610 1 |a температурные поля 
610 1 |a электрооборудование 
610 1 |a датчики 
610 1 |a вычислительное устройство 
610 1 |a оперативный контроль 
610 1 |a АСУТП 
675 |a 621.771.06  |z rus  |v 3 
701 1 |a Богаенко  |b И. Н.  |g Иван Николаевич 
701 1 |a Донченко  |b В. И.  |g Валерий Иванович 
701 1 |a Савченко  |b Ю. Г.  |g Юлий Григорьевич 
701 1 |a Ушаков  |b В. А.  |g Виктор Александрович 
801 0 |a RU  |b RuMRKP  |c 19950704  |g psbo 
801 1 |a RU  |b 63413507  |c 20151225 
801 2 |a RU  |b 63413507  |c 20181002  |g RCR 
942 |c BK